000 00220nam a22001097a 4500
999 _c58091
_d58088
082 _a194.3927HAR
100 _aHarrison J
245 _aZen endless path
260 _bFlame Tree Pub
_c1984
300 _a384
942 _cBK